000 00605nam a22001817a 4500
005 20251108164106.0
008 250721s1993 xx 000 0 ara d
082 1 4 _a217/راز
100 1 _aالرازي، فخر الدين أبو عبد الله محمد بن ...
245 1 0 _aإعتقادات فرق المسلمين و المشركين /
264 1 _aالقاهرة :
_bمكتبة مدبولي،
_c1993.
300 _a130ص
490 0 _aالفقه المذهبي
650 1 7 _aالإسلام
700 1 _aعزب، محمد زينهم محمد
_eتحقيق
942 _2ddc
_cBK
999 _c3408
_d3408